| 000 | 00998nam a2200253 a 4500 | ||
|---|---|---|---|
| 001 | 000004791 | ||
| 003 | DO-SdBNP | ||
| 005 | 20240305081127.0 | ||
| 007 | ta | ||
| 008 | 090727s1993 dr 000 0 spa d | ||
| 040 |
_aDO-SdBNP _bspa _cBNPHU |
||
| 082 |
_a923.5 _bV335h _222 |
||
| 100 | 1 |
_aVásquez y Vásquez, Pedro Ramón _913918 |
|
| 245 | 1 | 0 |
_aHistorial de Interior y Policía, 1844-1988. / _cPedro Ramón Vásquez y Vásquez ; prólogo Miguel A. Holguín Veras. |
| 260 |
_aSanto Domingo : _bUniversidad Interamericana, _c1993. |
||
| 300 |
_a134 p. ; _c21 cm. |
||
| 590 | _aInventariado, 2023 / DG | ||
| 650 | 4 |
_aMinistros de gobiernos _zRepública Dominicana _xBiografias _913920 |
|
| 651 | 4 |
_aRepública Dominicana _bSECRETARIA DE ESTADO DE INTERIOR Y POLICIA _xFunciones Prácticas _xBiografías _913919 |
|
| 700 | 1 |
_aHolguín Veras, Miguel A., _d1927-2007 _913921 |
|
| 710 | 1 |
_aUniversidad Interamericana, _bDepartamento de Cultura y Publicaciones _913922 |
|
| 910 | _aDG | ||
| 942 |
_2ddc _cLBS1 |
||
| 999 |
_c4597 _d4597 |
||